Which City in Louisiana? - Statistics

General Stats
  • This quiz has been taken 35 times
  • The average score is 13 of 20
Answer Stats
Description Letter City % Correct
Largest city in northern Louisiana S Shreveport
100%
State capital of Louisiana B Baton Rouge
97%
Named for a French officer who played a key role in the American Revolution L Lafayette
97%
"The Big Easy" N New Orleans
97%
City founded by Alexander Fulton in 1805 A Alexandria
84%
Located across the Red River from the above B {Bossier} City
84%
Location of the Louisiana State Penitentiary (hint: African country) A Angola
72%
Named for a lake of the Calcasieu River L Lake Charles
72%
Suburb of the above with Louis Armstrong International Airport K Kenner
69%
City in the above's metro area that is named for the symbol S chemical element S Sulphur
69%
Home to the Biedenharn Museum, which is known for its Coca-Cola bottling history M Monroe
56%
Think of the peninsula that Spain and Portugal are part of N New Iberia
53%
Seat of the Terrebonne Parish in the far south H Houma
50%
Located at the southern end of that causeway M Metairie
50%
Home to the Louisiana Tech University R Ruston
50%
Located at the northern terminus of the Lake Pontchartrain Causeway M Mandeville
44%
Salt dome where Tabasco sauce comes from A {Avery} Island
38%
Largest city on the Atchafalaya River M {Morgan} City
31%
"Crawfish Capital of the World" B {Breaux} Bridge
28%
Town with vampires that is the setting of HBO's "True Blood" B* Bon Temps
16%
No matching quizzes found
Score Distribution
Percent of People with Each Score
Percentile by Number Answered
Your Score History
You have not taken this quiz